Reverse Dictionary #16 - Statistics

General Stats
  • This quiz has been taken 72 times
  • The average score is 17 of 25
Answer Stats
Definition First Letter Word % Correct
To use or experience the sense of touch. F Feel
97%
To allow to be used by someone temporarily, on condition that it or its equivalent will be returned. L Lend
95%
The brother or brother-in-law of one’s parent. U Uncle
95%
To broaden or extend in scope or range. W Widen
93%
An object that is the focus of many sports and games, in which it may be thrown, caught, kicked, bounced, rolled, chased, retrieved, hit with an instrument, spun, etc., usually roughly spherical but whose size, weight, bounciness, colour, etc. differ according to the game. B Ball
92%
To be of the right size and shape. F Fit
90%
To stake or pledge upon the outcome of an event; to wager. B Bet
84%
That which is washed and ironed. L Laundry
80%
A hierarchical level in an organization such as the military. R Rank
79%
With the result that; for that reason; therefore. S So
75%
One's wealth; the amount of money one has, especially if it is vast. F Fortune
74%
An evergreen tree of the genus Citrus such as Citrus sinensis. O Orange
74%
An approximately spherical or ellipsoidal body produced by birds, insects, reptiles, and other animals, housing the embryo within a membrane or shell during its development. E Egg
72%
To stand in conflict with (someone or something). O Opposed
70%
One of the principal horizontal structural members, usually of steel, timber, or concrete, of a building. B Beam
67%
(botany) A soft fruit which develops from a single ovary and contains seeds not encased in pits. B Berry
67%
To be a good, acceptable reason for; warrant. J Justify
66%
A legal document giving official permission to do something; a permit. L License
61%
Representation created in the mind without the use of one's faculties of vision, sound, smell, touch, or taste. T Thought
59%
To become bigger, especially due to being engorged. S Swell
57%
The location, time, circumstances, etc., in which something occurs, or in which the action of a story, play, or the like, is set up. S Scene
46%
Of or relating to one of Earth’s large, continuous land masses, as opposed to an island offshore. C Continental
44%
To pull something sharply; to pull something out. P Pluck
28%
To officially sanction; to ratify; to confirm; to set as satisfactory. A Approve
26%
A new statement of something one believes to be the truth, usually when the statement has yet to be verified or without valid evidence provided. C Claim
21%
No matching quizzes found
Score Distribution
Percent of People with Each Score
Percentile by Number Answered
Your Score History
You have not taken this quiz